00448nam a2200169Ia 450000500170000000800410001702000180005803700130007604000200008904100130010908400190012210000190014124500630016025000060022326000400022930000090026920250326142445.0250326s9999 xx 000 0 und d a81-85614-47-4 aTextbook aFMSLbengcFMSL aeng2eng aX:8 M8;8qFMSL aKhandwalla P N 0aFourth eye : excellence through creativitycKhandwalla P N a2 aNew DelhibNew Delhi, Wheelerc1988 a420p